Mots: nourriture en B (EN --> FR) - Statistiques

Statistiques générales
  • Ce quiz a été pris 138 fois
  • Le résultat moyen est 9 sur 10
Statistiques - réponses
Hint Réponse % Correct
Banana Banane
100%
Butter Beurre
97%
Broccoli Brocoli
96%
Beer Bière
94%
Beef Boeuf
93%
Candy Bonbon
92%
Drink Boisson
90%
Berry Baie
68%
Donut Beigne
64%
Cookie Biscuit
62%
Aucun quiz correspondant
Distribution des résultats
% des personnes avec chaque résultat
Percentile par nombre de réponses
Votre historique - résultats
Vous n’avez pas pris ce quiz